Közösségi erő és identitás A labdarúgó táborok pszichológiai és társadalmi hatásai

Bibliographic Details
Main Author: Kuhn Kristóf István
Other Authors: Joós Tamás
Format: Thesis
Kulcsszavak:egyén és közösség
hatás(ok)
identitás
labdarúgás
társadalmi hatás
Online Access:http://dolgozattar.uni-bge.hu/59485

MARC

LEADER 00000nta a2200000 i 4500
001 dolg59485
005 20260409145128.0
008 260409suuuu hu om 000 hun d
040 |a BGE Dolgozattár Repozitórium  |b hun 
041 |a hu 
100 1 |a Kuhn Kristóf István 
245 1 0 |a Közösségi erő és identitás  |b A labdarúgó táborok pszichológiai és társadalmi hatásai  |c Kuhn Kristóf István  |h [elektronikus dokumentum] 
520 3 |a A szakdolgozatomban a labdarúgó-táborok társadalmi és pszichológiai hatásait vizsgálom. Arra voltam kíváncsi, hogy ezek a focitáborok hogyan hatnak a résztvevőkre nemcsak sportolói, hanem emberi szempontból is. Különösen azt próbálom bemutatni, hogy ezek az élmények milyen szerepet játszanak az egyéni identitás formálódásában, illetve a közösségi, csoportos kötődések kialakulásában. A focitábor nemcsak a mozgásról vagy a játékról szól, hanem arról is, hogyan tanulnak meg a fiatalok együttműködni, szabályokat követni, vagy akár megélni a sikereket és kudarcokat egy közösségen belül. A dolgozatomban több oldalról közelítem meg a témát, interjúkat, szakirodalmat és saját tapasztalatokat is felhasználva, hogy komplex képet adjak arról, milyen fontos szerepe lehet egy focitábornak a személyiségfejlődésben és a közösségi élményekben. 
695 |a egyén és közösség 
695 |a hatás(ok) 
695 |a identitás 
695 |a labdarúgás 
695 |a társadalmi hatás 
700 1 |a Joós Tamás  |e ths 
856 4 0 |u http://dolgozattar.uni-bge.hu/59485/1/K%C3%B6z%C3%B6ss%C3%A9gi_Er%C5%91_%C3%89s_Identit%C3%A1s_javitott.pdf  |z Dokumentum-elérés 
856 4 0 |u http://dolgozattar.uni-bge.hu/59485/2/Kuhn%20Krist%C3%B3f%20konzulensi%20%C3%A9rt%C3%A9kel%C3%A9s.pdf  |z Dokumentum-elérés 
856 4 0 |u http://dolgozattar.uni-bge.hu/59485/3/Kuhn_Krist%C3%B3f_b%C3%ADr%C3%A1lati_lap.pdf  |z Dokumentum-elérés